Statistics for Bayern Munich Record Transfers

Click here to take the quiz!

General Stats

  • This quiz has been taken 535 times
    (520 since last reset)
  • The average score is 8 of 10

Answer Stats

Year Country Position From Transfer Fee Player % Correct
2009-2010NetherlandsFWReal Madrid24M€Arjen Robben
97%
2013-2014GermanyMDBorussia Dortmund37M€Mario Götze
96%
2011-2012GermanyGKSchalke 0427,5M€Manuel Neuer
93%
2013-2014SpainMDFC Barcelona25M€Thiago Alcantara
92%
2007-2008FranceMDMarseille25M€Franck Ribéry
91%
2012-2013SpainMDAthletic Bilbao40M€Javier Martinez
88%
2014-2015MoroccoDFAS Roma26M€Mehdi Benatia
86%
2009-2010GermanyFWVFB Stuttgart30M€Mario Gomez
80%
2010-2011BrazilMDHoffenheim17M€Luiz Gustavo
59%
2003-2004NetherlandsFWDeportivo La Coruna19,75M€Roy Makaay
56%

Score Distribution

Percentile by Number Answered

Percent of People with Each Score

Your Score History

You have not taken this quiz since the last reset